[Event "Novosibirsk AS-90 Seniors op"]
[Site "Novosibirsk"]
[Date "2010.12.02"]
[Round "9.6"]
[White "Romanov, Viktor"]
[Black "Shishkin, Anatoly"]
[Result "0-1"]
[WhiteElo "1986"]
[BlackElo "2118"]
[PlyCount "128"]
[EventDate "2010.11.05"]
[EventType "swiss"]
[EventRounds "9"]
[EventCountry "RUS"]
[SourceTitle "EXT 2022"]
[Source "ChessBase"]
[SourceDate "2021.10.06"]
[SourceVersion "1"]
[SourceVersionDate "2021.10.06"]
[SourceQuality "1"]

1. d4 d5 2. c4 c6 3. Nf3 dxc4 4. g3 Bf5 5. Nc3 Nf6 6. Bg2 Ne4 7. 0-0 Nxc3 8. bxc3 Be4 9. a4 e6 10. Re1 Qd5 11. Nh4 Bxg2 12. Nxg2 Qa5 13. Rb1 b5 14. e4 Be7 15. d5 0-0 16. d6 Bd8 17. Ba3 Nd7 18. Bb4 Qb6 19. a5 Qb7 20. Qd4 c5 21. Bxc5 Bxa5 22. Rec1 a6 23. e5 Bb6 24. Bxb6 Qxb6 25. f4 Rfb8 26. Kf2 Nc5 27. Rc2 Nb3 28. Qxb6 Rxb6 29. Ne3 a5 30. Ra2 a4 31. Ke2 Kf8 32. g4 Ke8 33. Kf3 Kd7 34. Rd1 Kc6 35. Nc2 Kd7 36. Nb4 Na5 37. Ke4 Nc6 38. Nxc6 Rxc6 39. Rb2 Rc5 40. Rdb1 Kc6 41. f5 f6 42. exf6 exf5+ 43. gxf5 gxf6 44. Rd2 Rd8 45. Rbd1 Re5+ 46. Kf4 Rd7 47. h4 Kc5 48. h5 a3 49. h6 b4 50. cxb4+ Kxb4 51. Rg2 Re8 52. Rg7 Red8 53. Rxd7 Rxd7 54. Ke4 a2 55. Kd5 c3 56. Ke6 c2 57. Rg1 Rxd6+ 58. Kxd6 Kb3 59. Ke6 Kb2 60. Kxf6 c1Q 61. Rxc1 Kxc1 62. Kg7 a1Q+ 63. f6 Kd2 64. Kxh7 Qxf6 0-1

[Event "Novosibirsk AS-90 Seniors op"]
[Site "Novosibirsk"]
[Date "2010.11.20"]
[Round "6.3"]
[White "Shishkin, Anatoly"]
[Black "Morozov, Vladimir B"]
[Result "1-0"]
[WhiteElo "2118"]
[BlackElo "1988"]
[PlyCount "98"]
[EventDate "2010.11.05"]
[EventType "swiss"]
[EventRounds "9"]
[EventCountry "RUS"]
[SourceTitle "EXT 2022"]
[Source "ChessBase"]
[SourceDate "2021.10.06"]
[SourceVersion "1"]
[SourceVersionDate "2021.10.06"]
[SourceQuality "1"]

1. e4 c6 2. d4 d5 3. e5 g6 4. Bd3 Bg7 5. Ne2 Bg4 6. f3 Bf5 7. Bxf5 gxf5 8. 0-0 e6 9. g4 Ne7 10. Ng3 Qb6 11. Kg2 c5 12. gxf5 exf5 13. dxc5 Qxc5 14. f4 Nbc6 15. c3 0-0-0 16. Qh5 Rhg8 17. Qxf7 Rdf8 18. Qh5 d4 19. Qf3 Ng6 20. Qf2 Qd5+ 21. Kg1 Nh4 22. c4 Qxc4 23. Nd2 Qd3 24. Nf3 Nxf3+ 25. Qxf3 Qxf3 26. Rxf3 Rd8 27. Bd2 Kd7 28. Kh1 Ke6 29. Rc1 Bf8 30. a3 Be7 31. b4 a6 32. Rb3 Rd5 33. a4 Ra8 34. Rc4 Bd8 35. Ne2 Bb6 36. Rh3 Rd7 37. Rc1 Rg8 38. Rg1 Rxg1+ 39. Nxg1 Kd5 40. Nf3 Kc4 41. Ng5 Nxb4 42. Rxh7 Rxh7 43. Nxh7 Nd5 44. Ng5 Kd3 45. Nf3 Ke2 46. Kg2 d3 47. h4 Be3 48. Bxe3 Kxe3 49. Kg3 Nxf4 1-0

[Event "Gagra op"]
[Site "Gagra"]
[Date "2008.09.23"]
[Round "6"]
[White "Shishkin, Anatoly"]
[Black "Kozyak, Maria"]
[Result "1-0"]
[WhiteElo "1779"]
[BlackElo "1779"]
[PlyCount "101"]
[EventDate "2008.09.18"]
[EventType "swiss"]
[EventRounds "9"]
[EventCountry "GEO"]
[SourceTitle "EXT 2011"]
[Source "ChessBase"]
[SourceDate "2010.11.26"]
[SourceVersion "1"]
[SourceVersionDate "2010.11.26"]
[SourceQuality "1"]

1. d4 d5 2. c4 c6 3. Nc3 g6 4. Nf3 Bg7 5. e3 Nf6 6. Be2 a6 7. 0-0 0-0 8. h3 Re8 9. b3 Nbd7 10. Bb2 b6 11. Rc1 Bb7 12. Qc2 c5 13. cxd5 cxd4 14. Nxd4 Nxd5 15. Nxd5 Bxd5 16. Nc6 Bxc6 17. Bxg7 Kxg7 18. Qxc6 Nc5 19. Rfd1 Qb8 20. Bf3 Ra7 21. b4 Rc7 22. Qd5 Rd7 23. Qc4 Rxd1+ 24. Rxd1 Nb7 25. Qxa6 Nd6 26. a4 Qc7 27. Qd3 f6 28. Ra1 Rd8 29. a5 bxa5 30. bxa5 Nf7 31. Qa3 Ne5 32. Be2 Ra8 33. a6 Ra7 34. Qb4 Nc6 35. Qc5 Qe5 36. Qxe5 Nxe5 37. f4 Nc6 38. Rb1 h5 39. Rb6 Nd8 40. Kf2 h4 41. Kf3 f5 42. Bb5 Ra8 43. Bc4 Ra7 44. Ke2 Rc7 45. Kd3 Rc6 46. a7 Rxb6 47. a8Q Rd6+ 48. Ke2 Kf6 49. Qa5 Nc6 50. Qc5 g5 51. Bb5 1-0

[Event "Gagra op"]
[Site "Gagra"]
[Date "2008.09.20"]
[Round "3"]
[White "Uryupin, Igor Nikolaevich"]
[Black "Shishkin, Anatoly"]
[Result "1-0"]
[WhiteElo "2255"]
[BlackElo "1779"]
[PlyCount "75"]
[EventDate "2008.09.18"]
[EventType "swiss"]
[EventRounds "9"]
[EventCountry "GEO"]
[SourceTitle "EXT 2011"]
[Source "ChessBase"]
[SourceDate "2010.11.26"]
[SourceVersion "1"]
[SourceVersionDate "2010.11.26"]
[SourceQuality "1"]

1. c4 Nf6 2. g3 c5 3. Bg2 Nc6 4. Nc3 g6 5. Nf3 Bg7 6. 0-0 0-0 7. d4 cxd4 8. Nxd4 Nxd4 9. Qxd4 d6 10. Qd3 Rb8 11. Be3 b6 12. Bd4 Bb7 13. e4 Qd7 14. Rad1 Bc6 15. b3 Rfd8 16. Rfe1 a6 17. Nd5 e5 18. Bxb6 Rxb6 19. Nxb6 Qb7 20. Nd5 Nxd5 21. cxd5 Bd7 22. Qd2 f5 23. exf5 gxf5 24. Rc1 e4 25. f3 Qb6+ 26. Kh1 exf3 27. Bxf3 Be5 28. Rc4 Kh8 29. Rec1 Rg8 30. Rc7 Be8 31. Rc8 f4 32. gxf4 Bf6 33. Re1 Bg6 34. Rxg8+ Kxg8 35. Be4 Bxe4+ 36. Rxe4 Qb5 37. Qe2 Qxd5 38. Qg2+ 1-0

[Event "Gagra op"]
[Site "Gagra"]
[Date "2008.09.18"]
[Round "1"]
[White "Lakerbaya, Timur"]
[Black "Shishkin, Anatoly"]
[Result "1/2-1/2"]
[WhiteElo "2086"]
[BlackElo "1779"]
[PlyCount "54"]
[EventDate "2008.09.18"]
[EventType "swiss"]
[EventRounds "9"]
[EventCountry "GEO"]
[SourceTitle "EXT 2011"]
[Source "ChessBase"]
[SourceDate "2010.11.26"]
[SourceVersion "1"]
[SourceVersionDate "2010.11.26"]
[SourceQuality "1"]

1. d4 d5 2. c4 c6 3. Nc3 Nf6 4. Nf3 g6 5. Bg5 Bg7 6. e3 0-0 7. Be2 Be6 8. cxd5 cxd5 9. Rc1 Nc6 10. 0-0 Ne4 11. Nxe4 dxe4 12. Nd2 f5 13. Bc4 Bxc4 14. Nxc4 h6 15. Bf4 Qd5 16. Qb3 b5 17. Na3 Qxb3 18. axb3 e5 19. Rxc6 exf4 20. exf4 a6 21. Rd1 Rfd8 22. Rxg6 Kf7 23. Rc6 Bxd4 24. Kf1 Bxb2 25. Rxd8 Rxd8 26. Rxa6 Bxa3 27. Rxa3 Rd3 1/2-1/2